LEADER 01893nam a2200385 a 4500 001 000000122270 003 CaOOAMICUS 005 20100618112247.0 008 100618t2010 it da u000 u ita r 020 $a978-88-343-1833-1 040 $aPUL$bita$dReb 245 00$aGiuseppe Dalla Torre :$bdal movimento cattolico al servizio della Santa Sede /$ca cura di Maria Bocci. 260 $aMilano :$bVita e pensiero,$c©2010. 300 $ax, 222 p. ;$c22 cm. 490 1 $aStoria.$aRicerche 490 1 $aVita e pensiero$aUniversitą 500 $aSul front.: Giornate di studio. Milano, Universitą Cattolica del Sacro Cuore, 23 novembre 2007. Roma, Libera Universitą Maria Ss. Assunta - Lumsa, 29 novembre 2007. 504 $aBibliografia in nota. 600 14$aDalla Torre, Giuseppe,$cconte,$d1885-1967.$0(OLS)http://pul/subject/18283 700 1 $aBocci, Maria.$0(OLS)http://pul/name/75907 710 2 $aUniversitą cattolica del Sacro Cuore. Sede di Milano.$0(OLS)http://pul/name/534 710 2 $aLibera Universitą Maria Ss. Assunta.$0(OLS)http://pul/name/76704 830 0$aUniversitą (Vita e Pensiero).$0(OLS)http://pul/title/154439 830 0$aRicerche (Vita e Pensiero).$pStoria.$0(OLS)http://pul/title/174438 850 $aPUL 852 $aPUL$W1$xDP1 Cons. Gen., Altre Classi 1$y22$m389 C 40$j140372$qStampati$B139518$CPULBib$Z2$F139518 $H114076 $82 910 $aLUMSA$976704 941 1 $a8 983 0$aVita e pensiero.$pUniversitą. 983 0$aV & P. Universitą. 983 0$aStoria.$pRicerche (Vita e pensiero) 983 0$aV & P. Storia. Ricerche. 996 $6020$a978-88-343-1833-1$9(OLS)http://pul/number/144614 996 $6245$aGiuseppe Dalla Torre :$bdal movimento cattolico al servizio della Santa Sede$9(OLS)http://pul/title/153910 996 $6260$aMilano :$bVita e pensiero$9(OLS)http://pul/publisher/48016 LEADER 01333nam a2200325 a 4500 001 000000129181 003 CaOOAMICUS 005 20120606100521.0 008 120606s2004 it a u000 u ita r 020 $a88-420-6939-6 040 $aPUL$bita 041 1 $aita$heng 082 04$a133.43 100 1 $aKieckhefer, Richard.$0(OLS)http://pul/name/82693 240 10$aMagic in the Middle Ages.$lItaliano.$0(OLS)http://pul/title/163237 245 13$aLa magia nel Medioevo /$cRichard Kieckhefer ; traduzione di Federico Corradi. 260 $aBari ; Roma :$bGius. Laterza & figli,$c2004. 300 $aVI, 306 p. :$bill. ;$c21 cm 490 1 $aRobinson. Letture 650 4$aMagia$yEvo medio.$0(OLS)http://pul/subject/2108 700 1 $aCorradi, Federico.$0(OLS)http://pul/name/82694 830 2$aI Robinson.$pLetture.$0(OLS)http://pul/title/65836 850 $aPUL 852 $aPUL$W1$xSL Filosofia 3$y81$m133. 43 KIERI 1$j149587$qDDC 21$B148113$CPULBib$Z2$F148113 $H120025 $82 941 1 $a9 996 $6020$a88-420-6939-6$9(OLS)http://pul/number/149907 996 $6082$a133.43$9(OLS)http://pul/classification/2289 996 $6245$aLa magia nel Medioevo$9(OLS)http://pul/title/163238 996 $6260$aBari ; Roma :$bGius. Laterza & figli$9(OLS)http://pul/publisher/81307